000 00500nam a2200169 i 4500
001 78458
003 ES-MaACL
005 20230906173716.0
007 t|
008 041014s1908 it ||||1| ita d
100 1 _aHarnack, Adolfo.
_961866
245 1 2 _aL'essenza del cristianesimo /
_cAdolfo Harnack ; traduzione daltadesco di A. Bongioanni.
260 _aTorino :
_b[s.n.,
_c1908] (
_fVicenzo Bona)
300 _a304 p. ;
_c20 cm.
700 1 _aBongioanni, A.
_930160
852 _aES-MaACL
_jF-5969
999 _c78458
_d78458